Krkonoše - Podkrkonoší : vlastivědný sborník
| Korporativní autor: | Muzeum Podkrkonoší (Trutnov, Česko) |
|---|---|
| Jazyk: | Čeština |
| Vydáno: |
Havlíčkův Brod : Východočeské nakladatelství, 1964- Hradec Králové : Kruh Trutnov : Muzeum Podkrkonoší |
| Témata: | |
| Fyzický popis: |
^^^svazků : ilustrace ; 21 cm |
| Odebírané svazky: |
1963, 1966-1970, 1972, 7(1983), 8(1989), 9(2009)-21(2013), 22(2016)-25(2024)- |
| LEADER | 06273cas a2200949 i 4500 | ||
|---|---|---|---|
| 001 | nkc20102091135 | ||
| 003 | CZ PrNK | ||
| 005 | 20260529144844.0 | ||
| 007 | ta | ||
| 008 | 100317c19649999xr x 0 b0cze | ||
| 015 | |a cnb002091135 |z cnb000479918 |z cnb000445042 |z cnb000493179 |z cnb000424362 |z cnb000495972 |z cnb000136652 |z cnb000024692 |z cnb000059730 |z cnb001175802 | ||
| 022 | |a 0231-9934 | ||
| 035 | |a (OCoLC)607530083 | ||
| 040 | |a ABA001 |b cze |d OLA001 |d BOA001 |e rda | ||
| 043 | |a e-pl--- |a e-xr--- |b e-xr-cc |2 czenas | ||
| 072 | 7 | |a 908(437) |x Vlastivěda Česka a Slovenska |2 Konspekt |9 8 | |
| 080 | |a 908(437.31-17) |2 MRF | ||
| 080 | |a (062.552) |2 MRF | ||
| 210 | 1 | |a Krkonoše-Podkrkonoší | |
| 222 | 0 | |a Krkonoše-Podkrkonoší | |
| 245 | 0 | 0 | |a Krkonoše - Podkrkonoší : |b vlastivědný sborník |
| 246 | 3 | 0 | |a Podkrkonoší |
| 264 | 1 | |a Havlíčkův Brod : |b Východočeské nakladatelství, |c 1964- | |
| 264 | 2 | 1 | |3 1967-1972 |a Hradec Králové : |b Kruh |
| 264 | 3 | 1 | |3 1983- |a Trutnov : |b Muzeum Podkrkonoší |
| 300 | |a ^^^svazků : |b ilustrace ; |c 21 cm | ||
| 310 | |a Vychází nepravidelně | ||
| 336 | |a text |b txt |2 rdacontent | ||
| 337 | |a bez média |b n |2 rdamedia | ||
| 338 | |a svazek |b nc |2 rdacarrier | ||
| 362 | 0 | |a [1] (1964)-9 (2009) ; 20 (2012)- | |
| 500 | |a Ve svazku 2 (1966) podnázev: vlastivědný sborník Muzea Trutnov | ||
| 500 | |a Některé svazky vydány ve spolupráci se Státním okresním archivem Trutnov, Správou krkonošského národního parku - Krkonošským muzeem ve Vrchlabí a Vlastivědnou společností Krkonoš a Podkrkonoší | ||
| 500 | |a V letech 1989-2008 přestávka ve vydávání | ||
| 500 | |a Vychází též monografická supplementa, která mají od čísla 10 označení svazku i supplementa | ||
| 500 | |a Některé svazky mají ISBN | ||
| 588 | |a Popsáno podle: 9 (2009) |5 CZ-PrNK | ||
| 541 | |c pv-r | ||
| 651 | 7 | |a Krkonoše (Česko a Polsko : pohoří : oblast) |7 ge134290 |x vlastivěda a dějiny |2 czenas | |
| 651 | 7 | |a Podkrkonoší (Česko) |7 ge137859 |x vlastivěda a dějiny |2 czenas | |
| 651 | 9 | |a Krkonoše Region (Czechia and Poland) |x local history and geography |2 eczenas | |
| 651 | 9 | |a Podkrkonoší (Czechia) |x local history and geography |2 eczenas | |
| 655 | 7 | |a sborníky |7 fd724344 |2 czenas | |
| 655 | 9 | |a papers |2 eczenas | |
| 710 | 2 | |a Muzeum Podkrkonoší (Trutnov, Česko) |7 kn20010709302 |4 isb | |
| 770 | 0 | |t Čas změny |g supplementum X (2011) | |
| 770 | 0 | |t Vladimír Junek, nežádoucí novinář |g supplementum XI (2018) | |
| 770 | 0 | |t Krkonoše-Podkrkonoší. Supplementum |x 1804-0446 | |
| 902 | |a 978-80-903741-4-0 |q (9, 2009 ; |q Muzeum Podkrkonoší v Trutnově ; |q brožováno) | ||
| 902 | |a 978-80-903741-9-5 |q (20, 2012 ; |q Muzeum Podkrkonoší v Trutnově ; |q brožováno) | ||
| 902 | |a 978-80-905158-1-9 |q (21, 2013 ; |q Muzeum Podkrkonoší v Trutnově ; |q brožováno) | ||
| 902 | |a 978-80-905158-3-3 |q (22, 2016 ; |q Muzeum Podkrkonoší v Trutnově ; |q brožováno) | ||
| 902 | |a 978-80-905158-4-0 |q (23, 2018 ; |q Muzeum Podkrkonoší v Trutnově ; |q brožováno) | ||
| 902 | |a 978-80-905158-5-7 |q (24, 2020 ; |q Muzeum Podkrkonoší v Trutnově ; |q brožováno) | ||
| 902 | |a 978-80-905158-7-1 |q (25, 2024 ; |q Muzeum Podkrkonoší v Trutnově ; |q brožováno) | ||
| 910 | 2 | |a BOA001 |b 03864-0526.880 |s 1963, 1966-1970, 1972, 7(1983), 8(1989), 9(2009)-21(2013), 22(2016)-25(2024)- | |
| 928 | 9 | |a Státní okresní archiv Trutnov | |
| 928 | 9 | |a Správa Krkonošského národního parku - Krkonošské muzeum ve Vrchlabí | |
| 928 | 9 | |a Vlastivědný kroužek Krkonoš a Podkrkonoší | |
| 928 | 9 | |a Vlastivědná společnost Krkonoš a Podkrkonoší | |
| 990 | |a SE | ||
| 995 | |a 01 | ||
| 991 | |b 202309 | ||
| 996 | 6 | |b 2610334390 |c 03864-0526.880 |d 1970 5 |v 5 |y 1970 |l MZK |r Sklad / do 1 hodiny |n 3 |p p.v. |w 000281959 |u 000050 |a 1 |e BOA001 |j MZK50 |s P | |
| 996 | 6 | |b 2610334391 |c 03864-0526.880 |d 1972 |y 1972 |l MZK |r Sklad / do 1 hodiny |n 0 |p p.v. |w 000281959 |u 000060 |a 1 |e BOA001 |j MZK50 |s P | |
| 996 | 6 | |b 2610411913 |c 03864-0526.880 |d 2009 9 |v 9 |y 2009 |l MZK |r Sklad / do 1 hodiny |n 3 |p p.v. |w 000281959 |u 000080 |a 1 |e BOA001 |j MZK50 |s P | |
| 996 | 6 | |b 2610442158 |c 03864-0526.880 |d 2010 9 Suppl. |v 9 |y 2010 |l MZK |r Sklad / do 1 hodiny |n 5 |w 000281959 |u 000090 |a 1 |e BOA001 |j MZK50 |s P | |
| 996 | 6 | |b 2610539029 |c 03864-0526.880 |d 2012 20 |v 2012 |i 20 |y 2012 |l MZK |r Sklad / do 1 hodiny |n 12 |p p.v., některé zprac.i monogr. |w 000281959 |u 000130 |a 1 |e BOA001 |j MZK50 |s P | |
| 996 | 6 | |b 2610603999 |c 03864-0526.880 |d 2013 21 |v 2013 |i 21 |y 2013 |l MZK |r Sklad / do 1 hodiny |n 0 |p p.v. |w 000281959 |u 000140 |a 1 |e BOA001 |j MZK50 |s P | |
| 996 | 6 | |b 2610690852 |c 03864-0526.880 |d 2016 22 |v 2016 |i 22 |y 2016 |l MZK |r Sklad / do 1 hodiny |n 2 |p p.v. |w 000281959 |u 000150 |a 1 |e BOA001 |j MZK50 |s P | |
| 996 | 6 | |b 2610748231 |c 03864-0526.880 |d 2018 23 |v 2018 |i 23 |y 2018 |l MZK |r Sklad / do 1 hodiny |n 1 |p p.v. |w 000281959 |u 000160 |a 1 |e BOA001 |j MZK50 |s P | |
| 996 | 6 | |b 2610849670 |c 03864-0526.880 |d 2020 24 |v 2020 |i 24 |y 2020 |l MZK |r Sklad / do 1 hodiny |n 1 |p p.v. |w 000281959 |u 000170 |a 1 |e BOA001 |j MZK50 |s P | |
| 996 | 6 | |b 2610944889 |c 03864-0526.880 |d 2018 11 suppl. |v 2018 |i 11 |y 2018 |l MZK |r Sklad / do 1 hodiny |n 0 |p p.v. |w 000281959 |u 000180 |a 1 |e BOA001 |j MZK50 |s P | |
| 996 | 6 | |b 2611012143 |c 03864-0526.880 |d 2024 25 |v 2024 |i 25 |y 2024 |l MZK |r Sklad / do 1 hodiny |n 0 |p p.v. |w 000281959 |u 000190 |a 1 |e BOA001 |j MZK50 |s P | |
| 996 | 6 | |b 2619326440 |c 03864-0526.880 |d 1970 5 |v 5 |y 1970 |l MZK |r Sklad / do 1 hodiny |n 2 |w 000281959 |u 000070 |a 1 |e BOA001 |j MZK50 |s P | |
| 996 | 6 | |b 2619377473 |c 03864-0526.880 |d 1972 |y 1972 |l MZK |r Sklad / do 1 hodiny |n 3 |w 000281959 |u 000120 |a 1 |e BOA001 |j MZK50 |s P | |
| 996 | 6 | |b 2619377474 |c 03864-0526.880 |d 1967 3 |v 3 |y 1967 |l MZK |r Sklad / do 1 hodiny |n 4 |w 000281959 |u 000110 |a 1 |e BOA001 |j MZK50 |s P | |
| 996 | 6 | |b 2619377475 |c 03864-0526.880 |d 1966 2 |v 2 |y 1966 |l MZK |r Sklad / do 1 hodiny |n 2 |w 000281959 |u 000100 |a 1 |e BOA001 |j MZK50 |s P | |
| 996 | 6 | |b 2619766877 |c 03864-0526.880 |d 1963 |y 1963 |l MZK |r Sklad / do 1 hodiny |n 15 |w 000281959 |u 000010 |a 1 |e BOA001 |j MZK50 |s P | |
| 996 | 6 | |b 2619792892 |c 03864-0526.880 |d 1969 4 |v 4 |y 1969 |l MZK |r Sklad / do 1 hodiny |n 9 |w 000281959 |u 000020 |a 1 |e BOA001 |j MZK50 |s P | |
| 996 | 6 | |b 2619875359 |c 03864-0526.880 |d 1989 8 |v 8 |y 1989 |l MZK |r Sklad / do 1 hodiny |n 13 |w 000281959 |u 000040 |a 1 |e BOA001 |j MZK50 |s P | |
| 996 | 6 | |b 2619886728 |c 03864-0526.880 |d 1983 7 |v 7 |y 1983 |l MZK |r Sklad / do 1 hodiny |n 15 |w 000281959 |u 000030 |a 1 |e BOA001 |j MZK50 |s P | |
English
Čeština 